00311nam a2200121Ia 4500008004100000100003000041245003400071260002900105300000900134650002200143942000700165999001700172190216s9999||||xx |||||||||||||| ||und|| aWilliam Archibald Dunning 0aHistory Of Political Theories bCentral Book Depotc1966 a360p aPolitical Science cBK c34753d34753